| 000 | 01001nam a22002537a 4500 | ||
|---|---|---|---|
| 005 | 20170124102951.0 | ||
| 010 | _aB-065539 | ||
| 020 | _c70.00 | ||
| 035 | _aB-065539 | ||
| 037 | _bCen Lib/Ret | ||
| 040 |
_aDPL _bHN |
||
| 082 |
_a822 _bअसग़ |
||
| 100 |
_aअसग़र वजाहत _97558 |
||
| 245 |
_aअकी / _cअसग़र वजाहत |
||
| 246 |
_aAkee / _bby Asghar Wajahat |
||
| 260 |
_aदिल्ली _bग्रंथकेतन _c2002 |
||
| 270 |
_bदिल्ली _a1/11244-sई, निकट कीर्ति मंदिर, सुभाष पार्क, नवीन सहदरा _e110032 |
||
| 300 |
_a72पृ. _c21सेमी(सजिल्द) |
||
| 650 |
_aहिंदी साहित्य _951479 |
||
| 650 |
_aहिंदी साहित्य -- नाटक _951480 |
||
| 650 |
_aHindi literature _951481 |
||
| 650 |
_aHindi literature -- Drama _951482 |
||
| 942 |
_2ddc _cHN _h822 _mअसग़ |
||
| 999 |
_c113282 _d113282 |
||